Music Quiz

Random Music or Rock Quiz

Lyrics to Fine Again by Seether Quiz Stats

 Plays Quiz not verified by Sporcle

Support Sporcle.
Go Orange.
Score 0/264 Timer 05:00
0 Plays Today
Answer % Correct
the
98.5%
and
98.5%
and
98.5%
and
98.5%
And
98.5%
the
98.5%
and
98.5%
a
98.5%
and
98.5%
And
98.5%
And
98.5%
And
98.5%
And
98.5%
And
98.5%
and
98.5%
I
98.1%
I
98.1%
I
98.1%
I
98.1%
I
98.1%
I
98.1%
I
98.1%
I
98.1%
I
98.1%
I
98.1%
I
98.1%
I
98.1%
I
98.1%
I
98.1%
I
98.1%
fine
94.2%
fine
94.2%
fine.
94.2%
fine,
94.2%
fine
94.2%
fine
94.2%
fine
94.2%
fine
94.2%
fine
94.2%
every
93.1%
again,
93.1%
again,
93.1%
again.
93.1%
to
92.3%
to
92.3%
to
92.3%
day.
92.3%
day
92.3%
to
92.3%
to
92.3%
to
92.3%
day,
92.3%
day,
92.3%
day,
92.3%
day,
92.3%
I'm
91.2%
I'm
91.2%
I'm
91.2%
be
91.2%
I'm
91.2%
be
91.2%
I'm
91.2%
be
91.2%
I'm
91.2%
be
91.2%
I'm
91.2%
I'm
91.2%
I'm
91.2%
be
91.2%
I'm
91.2%
be
91.2%
be
91.2%
It
90.8%
like
90.8%
It
90.8%
like
90.8%
like
90.8%
it
90.8%
on
90.4%
on.
90.4%
no
88.5%
no
88.5%
No.
88.5%
everything
87.7%
am
87.3%
am
87.3%
am
87.3%
am
87.3%
Answer % Correct
am
87.3%
am
87.3%
am
87.3%
am
87.3%
am
87.3%
am
87.3%
seems
86.5%
seems
86.5%
one
86.5%
seems
86.5%
One
86.5%
one
86.5%
one
86.5%
Seems
86.5%
one
86.5%
one
86.5%
seems
86.5%
one
86.5%
seems
86.5%
seem
85.8%
now
85.4%
now,
85.4%
now
85.4%
now.
85.4%
now.
85.4%
now.
85.4%
now.
85.4%
now
85.4%
now
85.4%
now
85.4%
now
85.4%
now
85.4%
gonna
84.6%
gonna
84.6%
gonna
84.6%
gonna
84.6%
gonna
84.6%
gonna
84.6%
gonna
84.6%
gonna
84.6%
my
83.8%
is
83.5%
Too
83.5%
too
83.5%
too
83.5%
too
83.5%
too
83.5%
too
83.5%
it's
83.1%
it's
83.1%
in
81.9%
in
81.9%
in
81.9%
in
81.9%
same
81.2%
aware
80.8%
aware
80.8%
aware
80.8%
late,
80.4%
late,
80.4%
late.
80.4%
late,
80.4%
late.
80.4%
late,
80.4%
stay
80%
you
80%
You
80%
stay
80%
you,
80%
Try
79.6%
sober.
79.6%
try
79.6%
sober
79.6%
left
78.8%
say
78.8%
left
78.8%
say
78.8%
feel
78.5%
dying
77.7%
dying
77.7%
own.
77.3%
how
77.3%
how
77.3%
how
77.3%
everything's
76.9%
Hell.
76.9%
everything's
76.9%
Hell.
76.9%
Answer % Correct
everything's
76.9%
Hell.
76.9%
everything's
76.9%
Feels
76.5%
day's
76.1%
there's
75.8%
over
75.8%
there's
75.8%
over
75.8%
me
75%
me
75%
me,
75%
me,
75%
me,
75%
me,
75%
me,
75%
me,
75%
just
74.6%
just
74.6%
just
74.6%
gray
74.2%
as
74.2%
well.
74.2%
as
74.2%
well.
74.2%
as
74.2%
well.
74.2%
They
72.7%
discover
72.3%
behold.
71.2%
yeah.
70%
yeah.
70%
color
69.6%
Why
67.7%
prepared
66.5%
prepared
66.5%
prepared
66.5%
prepared
66.5%
prepared
66.5%
prepared
66.5%
can
63.8%
blame
63.5%
when
62.7%
of
61.9%
get
61.9%
of
61.9%
not
61.9%
get
61.9%
not
61.9%
not
61.9%
of
61.9%
here.
61.2%
liar
61.2%
here?
61.2%
this
60.4%
label
60%
can't
60%
everyone's
59.6%
everyone's
59.6%
everyone's
59.6%
hear
58.5%
expire
57.3%
dream
56.5%
you're
54.2%
scared
53.1%
scared
53.1%
scared
53.1%
for
52.3%
for
52.3%
for
52.3%
For
52.3%
for
52.3%
for
52.3%
For
52.3%
for
52.3%
for
52.3%
for
52.3%
through.
51.9%
cause
48.8%
sigh,
47.7%
away.
47.7%
myself.
47.3%
myself.
47.3%
myself.
47.3%
myself.
47.3%
never
46.5%
must
39.2%
assure
35.8%

You're not logged in!

Compare scores with friends on all Sporcle quizzes.
OR
Log In

From the Vault

Picture the Song IX

by PenguinsMeercats

Why not turn the album into a picture book?
Remove Ads.
Support Sporcle.
Get the best of Sporcle when you Go Orange. This ad-free experience offers more features, more stats, and more fun while also helping to support Sporcle. Thank you for becoming a member.

Show Comments

Extras

Top Quizzes Today


Score Distribution

Your Account Isn't Verified!

In order to create a playlist on Sporcle, you need to verify the email address you used during registration. Go to your Sporcle Settings to finish the process.

Report this User

Report this user for behavior that violates our Community Guidelines.

Details: